000 00391nam a22001217a 4500
005 20260422121056.0
008 260422b |||||||| |||| 00| 0 eng d
050 _aJQ1879
_b.A15
245 _aPolitics of Identity and Exclusion in Africa: from Violent Confrontation to Peaceful Cooperation
260 _aHoughton
_bKonrad-Adenauer-Stiftung
_c2001
300 _a172p.
_c25.5cm
942 _2lcc
_cBK
_n0
999 _c9436
_d9436